000 02176cim a2200481Ia 4500
001 ocn928108863
003 OCoLC
005 20230530123053.0
007 sd fungnnmmneu
008 151021s2016 nyunnnnc f n eng d
020 _a9781478938354
020 _a1478938358
024 3 _a9781478938354
035 _a(OCoLC)928108863
040 _aBTCTA
_beng
_cBTCTA
_dBDX
_dTEF
_dOCLCO
_dTEFMT
_dJTH
_dOCLCF
_dOCLCO
_dUOK
_erda
049 _aUOKA
050 4 _aPZ7.B81668
_bWi 2016ab
082 0 4 _a[Fic]
_223
092 _aCDJ B8145W
092 _aCDJ B8145W
100 1 _aBrown, Peter,
_d1979-
_95810277
245 1 4 _aThe wild robot /
_cPeter Brown.
250 _aUnabridged retail edition.
264 1 _a[New York] :
_bHachette Audio,
_c2016.
300 _a3 audio discs (240 min.) :
_bdigital ;
_c4 3/4 in. +
_e1 PDF disc.
306 _a040000
336 _aspoken word
337 _aaudio
338 _aaudio disc
500 _aTitle from web page.
500 _aCompact discs.
511 0 _aRead by Kate Atwater.
520 _aWhen robot Roz opens her eyes for the first time, she discovers that she is alone on a remote, wild island. Why is she there? Where did she come from? Most important, how will she survive in her harsh surroundings? Roz's only hope is to learn from the island's hostile animal inhabitants. When she tries to care for an orphaned gosling, the other animals finally decide to help, and the island starts to feel like home. Until one day, the robot's mysterious past comes back to haunt her. Heartwarming and full of action, Peter Brown's middle grade debut raises thought provoking questions about the environment, the role technology plays in our world, and what it means to be alive.
650 0 _aRobots
_vJuvenile fiction
_95680206
650 0 _aSurvival
_vJuvenile fiction.
_95674045
650 0 _aAnimals
_vJuvenile fiction
_95678723
650 0 _aIslands
_vJuvenile fiction
_95675668
650 1 _aFriendship
_vFiction.
_95673769
655 7 _aChildren's audiobooks
_2lcgft
_95675081
700 1 _aAtwater, Kate
_95810278
942 _2ddc
_cAUDIOBOOK
999 _c251663
_d251663
999 _b03176334